|
|
|
|
| LEADER |
01597nam a2200385Ia 4500 |
| 001 |
EBC1035148 |
| 003 |
MiAaPQ |
| 005 |
20200520144314.0 |
| 006 |
m o d | |
| 007 |
cr cn||||||||| |
| 008 |
121003s2012 dcua sb i000 0 eng d |
| 020 |
|
|
|z 9780821397053
|
| 020 |
|
|
|z 9780821397077
|
| 035 |
|
|
|a (MiAaPQ)EBC1035148
|
| 035 |
|
|
|a (Au-PeEL)EBL1035148
|
| 035 |
|
|
|a (CaPaEBR)ebr10603763
|
| 035 |
|
|
|a (CaONFJC)MIL393553
|
| 035 |
|
|
|a (OCoLC)812529215
|
| 040 |
|
|
|a MiAaPQ
|c MiAaPQ
|d MiAaPQ
|
| 050 |
|
4 |
|a RA407.5.C74
|b M35 2011
|
| 100 |
1 |
|
|a Makinen, William Martin.
|
| 245 |
1 |
0 |
|a Assessment of the private health sector in Republic of Congo
|h [electronic resource] /
|c Marty Makinen, Leo Deville.
|
| 260 |
|
|
|a Washington, DC :
|b International Bank for Reconstruction and Development/World Bank,
|c c2012.
|
| 300 |
|
|
|a xx, 109 p. :
|b ill. (chiefly col.)
|
| 500 |
|
|
|a "A World Bank study."
|
| 500 |
|
|
|a "English translation of the original French publication entitled: Etude sur le secteur prive e la sante en Republique du Congo."
|
| 504 |
|
|
|a Includes bibliographical references.
|
| 533 |
|
|
|a Electronic reproduction. Ann Arbor, MI : ProQuest, 2015. Available via World Wide Web. Access may be limited to ProQuest affiliated libraries.
|
| 650 |
|
0 |
|a Medical policy
|z Congo (Brazzaville)
|
| 650 |
|
0 |
|a Medical care
|x Needs assessment
|z Congo (Brazzaville)
|
| 655 |
|
4 |
|a Electronic books.
|
| 700 |
1 |
|
|a Deville, Leo.
|
| 710 |
2 |
|
|a ProQuest (Firm)
|
| 710 |
2 |
|
|a World Bank.
|
| 856 |
4 |
0 |
|u https://ebookcentral.proquest.com/lib/matrademy/detail.action?docID=1035148
|z Click to View
|